[Event "Senior DM 65+ 2022"]
[Site "Aalborg"]
[Date "2022.02.25"]
[Round "6"]
[White "Jensen, Bent Kiel"]
[Black "Stald, Flemming"]
[Result "0-1"]
[WhiteElo "1530"]
[BlackElo "1745"]
[PlyCount "48"]
[EventDate "2022.02.20"]
[EventType "swiss"]
[EventRounds "7"]
[EventCountry "DEN"]

1. d4 d6 2. c4 g6 3. Nc3 Bg7 4. Nf3 Nf6 5. Bg5 O-O 6. e3 Nbd7 7. Be2 c5 8. O-O
h6 9. Bh4 g5 10. Bg3 Nh5 11. Qc2 Nxg3 12. hxg3 f5 13. Rad1 Rf7 14. dxc5 dxc5
15. Rd2 a6 16. b3 e6 17. Rfd1 Qc7 18. a4 b6 19. Ne1 Ne5 20. Nd3 Nc6 21. e4 Bb7
22. Bf3 Nd4 23. Qb1 Nxf3+ 24. gxf3 Bxc3 0-1

[Event "Senior DM 65+ 2022"]
[Site "Aalborg"]
[Date "2022.02.25"]
[Round "6"]
[White "Rostgaard, Bjarne"]
[Black "Pilgaard, Johannes"]
[Result "1/2-1/2"]
[WhiteElo "1454"]
[BlackElo "1722"]
[PlyCount "29"]
[EventDate "2022.02.20"]
[EventType "swiss"]
[EventRounds "7"]
[EventCountry "DEN"]

1. d4 Nf6 2. c4 c5 3. e3 g6 4. Nf3 Bg7 5. Nc3 cxd4 6. exd4 O-O 7. Be2 d5 8. O-O
Nc6 9. Ne5 Nxe5 10. dxe5 Ne4 11. Nxe4 dxe4 12. Bf4 Qc7 13. Qd5 Bd7 14. Qxe4 Bc6
15. Qe3 1/2-1/2

[Event "Senior DM 65+ 2022"]
[Site "Aalborg"]
[Date "2022.02.25"]
[Round "6"]
[White "Harders, Poul Erik"]
[Black "Larsen, Hans Haagen"]
[Result "0-1"]
[WhiteElo "1530"]
[BlackElo "1618"]
[PlyCount "134"]
[EventDate "2022.02.20"]
[EventType "swiss"]
[EventRounds "7"]
[EventCountry "DEN"]

1. d4 d6 2. c4 g6 3. e4 Bg7 4. Nc3 Nc6 5. Be3 e5 6. d5 Nce7 7. Qd2 f5 8. f3 f4
9. Bf2 Nf6 10. Nge2 a5 11. c5 Bd7 12. g3 g5 13. g4 Ng6 14. O-O-O a4 15. Kb1 h5
16. gxh5 Rxh5 17. Nc1 g4 18. Bb5 Bxb5 19. Nxb5 gxf3 20. Rhg1 Kf7 21. cxd6 cxd6
22. Qb4 Bf8 23. Nd3 Rxh2 24. Rc1 Ne8 25. Rh1 Rxh1 26. Rxh1 Be7 27. Qe1 Qa5 28.
Nc3 a3 29. Qg1 Nf6 30. Bb6 Qa6 31. Nb4 Qc4 32. Rh6 Rg8 33. Nc2 axb2 34. Nd1
Qxe4 35. Nc3 Qc4 36. Kxb2 Nxd5 37. Nxd5 Qxd5 38. Bf2 Bf6 39. Kc1 e4 40. Qg4 e3
41. Qd7+ Ne7 42. Rxf6+ Kxf6 43. Bh4+ Rg5 44. Bxg5+ Qxg5 45. Qxd6+ Kf7 46. Qd3
Qg1+ 47. Kb2 f2 48. Qc4+ Kf8 49. Qxf4+ Kg8 50. Nxe3 Qe1 51. Qg4+ Kf7 52. Qh5+
Kf6 53. Ng4+ Ke6 54. Qh6+ Kd7 55. Nf6+ Kc7 56. Qh2+ Kb6 57. Qd6+ Kb5 58. Qd7+
Ka6 59. Qd3+ Ka5 60. Qa3+ Kb6 61. Qb3+ Kc7 62. Qc4+ Nc6 63. Qf7+ Kb6 64. Qb3+
Ka7 65. Qa4+ Qa5 66. Qf4 Qb5+ 67. Ka3 f1=Q 0-1

[Event "Senior DM 65+ 2022"]
[Site "Aalborg"]
[Date "2022.02.25"]
[Round "6"]
[White "Nielsen, Bent K"]
[Black "Rasmussen, Anders"]
[Result "1-0"]
[WhiteElo "1163"]
[BlackElo "1474"]
[PlyCount "82"]
[EventDate "2022.02.20"]
[EventType "swiss"]
[EventRounds "7"]
[EventCountry "DEN"]

1. e4 e6 2. c4 c5 3. f4 Nc6 4. Nf3 d6 5. d4 cxd4 6. Nxd4 Nge7 7. Be3 Nxd4 8.
Bxd4 Nc6 9. Bc3 Be7 10. Qg4 Bf6 11. Bd3 e5 12. f5 h5 13. Qd1 g6 14. O-O g5 15.
g4 hxg4 16. Be1 Ke7 17. Qxg4 Qb6+ 18. Rf2 Bd7 19. Nc3 Qd8 20. c5 Rh4 21. cxd6+
Kf8 22. Qg2 Nd4 23. Nd5 Bc6 24. Rd2 Rh8 25. Ne7 Qxd6 26. Nxc6 bxc6 27. Qg4 Ke7
28. h3 Rag8 29. Rh2 Qc5 30. Kf1 Nc2 31. Bxc2 Qc4+ 32. Qe2 Qxe2+ 33. Kxe2 g4 34.
Bb4+ Kd7 35. Rd1+ Kc7 36. Ba5+ Kc8 37. Rg1 g3 38. Rhg2 Rxh3 39. Kf3 Bh4 40. Be1
f6 41. Bb3 Rg4 1-0

[Event "Senior DM 65+ 2022"]
[Site "Aalborg"]
[Date "2022.02.25"]
[Round "6.6"]
[White "Nielsen, Peter"]
[Black "Falberg, Hugo"]
[Result "0-1"]
[WhiteElo "1678"]
[BlackElo "1782"]
[PlyCount "74"]
[EventDate "2022.02.20"]
[EventType "swiss"]
[EventRounds "7"]
[EventCountry "DEN"]

1. d4 f5 2. Bg5 Nf6 3. Bxf6 exf6 4. e3 d5 5. c4 Be6 6. Nc3 Bb4 7. Qb3 Nc6 8.
O-O-O Bxc3 9. Qxc3 O-O 10. h4 a5 11. Nh3 Ne7 12. Nf4 Bf7 13. Kb1 c6 14. cxd5
Nxd5 15. Nxd5 Qxd5 16. b3 a4 17. Bc4 Qxg2 18. Qc2 axb3 19. axb3 Bxc4 20. bxc4
Ra5 21. Rhg1 Qe4 22. Qxe4 fxe4 23. d5 cxd5 24. Rxd5 Rxd5 25. cxd5 Rd8 26. Rd1
Kf7 27. Kb2 f5 28. Kc3 Rd6 29. Kd4 Ke7 30. Rc1 Kd7 31. h5 Rh6 32. Rg1 g6 33.
hxg6 Rxg6 34. Rxg6 hxg6 35. Kc5 g5 36. Kb6 Kd6 37. Kxb7 Kxd5 0-1

[Event "Senior DM 65+ 2022"]
[Site "Aalborg"]
[Date "2022.02.25"]
[Round "6.8"]
[White "Olesen, Poul Erik Norgaard"]
[Black "Thuesen, Mogens Henrik"]
[Result "1/2-1/2"]
[WhiteElo "1963"]
[BlackElo "2145"]
[PlyCount "118"]
[EventDate "2022.02.20"]
[EventType "swiss"]
[EventRounds "7"]
[EventCountry "DEN"]

1. e4 c5 2. Nf3 Nc6 3. d4 cxd4 4. Nxd4 Nf6 5. Nc3 e5 6. Ndb5 d6 7. Bg5 a6 8.
Na3 b5 9. Nd5 Be7 10. Bxf6 Bxf6 11. c3 Rb8 12. Nc2 O-O 13. Be2 g6 14. Nxf6+
Qxf6 15. h4 b4 16. Ne3 bxc3 17. bxc3 Ne7 18. Qd2 Rb6 19. h5 Be6 20. Ng4 Bxg4
21. Bxg4 Rfb8 22. O-O Qh4 23. Qe2 f5 24. Bf3 Rb2 25. Qxa6 fxe4 26. g3 Qf6 27.
Bxe4 Rf8 28. f4 Nf5 29. Qd3 exf4 30. Bxf5 gxf5 31. Rxf4 Qg5 32. Qf3 Re8 33.
Rxf5 Qd2 34. Qg4+ Kh8 35. Qd4+ Qxd4+ 36. cxd4 Ree2 37. h6 Rg2+ 38. Kf1 Rxg3 39.
Rf8+ Rg8 40. Rxg8+ Kxg8 41. a4 Rh2 42. Ra3 Rxh6 43. a5 Rf6+ 44. Ke2 Rf8 45. a6
Ra8 46. Ke3 Kf7 47. a7 Ke6 48. Ke4 h5 49. d5+ Kd7 50. Kf5 h4 51. Kf6 Kc7 52.
Ke6 Kb7 53. Kxd6 Rxa7 54. Rh3 Ra6+ 55. Kd7 Rh6 56. Rb3+ Rb6 57. Rh3 Rh6 58. d6
Rh7+ 59. Ke6 Rh6+ 1/2-1/2

[Event "Senior DM 65+ 2022"]
[Site "Aalborg"]
[Date "2022.02.25"]
[Round "6.9"]
[White "Moestrup, Jorn"]
[Black "Skovgaard, Tom"]
[Result "1/2-1/2"]
[WhiteElo "1948"]
[BlackElo "1936"]
[PlyCount "69"]
[EventDate "2022.02.20"]
[EventType "swiss"]
[EventRounds "7"]
[EventCountry "DEN"]

1. Nf3 d5 2. d4 Nf6 3. c4 e6 4. Nc3 Be7 5. Bg5 Nbd7 6. e3 h6 7. Bh4 O-O 8. Qc2
c5 9. Rd1 b6 10. cxd5 Nxd5 11. Bxe7 Qxe7 12. Nxd5 exd5 13. dxc5 Nxc5 14. Be2
Be6 15. O-O Rac8 16. Rd4 a5 17. Bb5 Rc7 18. Qe2 Rfc8 19. Rdd1 Ne4 20. Nd4 Rc5
21. Bd3 Nf6 22. h3 Bd7 23. Qf3 R8c7 24. Kh1 Be6 25. Rg1 Nd7 26. Qg3 Nf6 27. f3
Rc8 28. Qf2 Re8 29. Rde1 Nd7 30. f4 Nf6 31. f5 Bd7 32. g4 Ne4 33. Qg2 Qh4 34.
Bxe4 Rxe4 35. Qg3 1/2-1/2

[Event "Senior DM 65+ 2022"]
[Site "Aalborg"]
[Date "2022.02.25"]
[Round "6.10"]
[White "Mikkelsen, Peter Jorgen Dam"]
[Black "Christiansen, Arne"]
[Result "1-0"]
[WhiteElo "2148"]
[BlackElo "2036"]
[PlyCount "93"]
[EventDate "2022.02.20"]
[EventType "swiss"]
[EventRounds "7"]
[EventCountry "DEN"]

1. e4 e5 2. Nc3 Nc6 3. Bc4 Nf6 4. d3 Bc5 5. Bg5 h6 6. Bh4 d6 7. Nf3 Be6 8. Bb3
O-O 9. Nd5 Bxd5 10. Bxd5 g5 11. Bxc6 bxc6 12. Bg3 Nh5 13. Nd2 Nxg3 14. hxg3 Qf6
15. Qe2 Rab8 16. Nb3 Bb6 17. Rf1 a5 18. a4 Qg6 19. g4 Kg7 20. O-O-O Rh8 21. Rh1
Qf6 22. Rdf1 d5 23. g3 Rbe8 24. Nd2 Qd6 25. c3 Qc5 26. Kc2 Re6 27. Rh5 Qe7 28.
f4 exf4 29. gxf4 gxf4 30. Rxf4 Rf6 31. Rxf6 Qxf6 32. exd5 cxd5 33. Rxd5 Rd8 34.
Rxd8 Qxd8 35. Qe5+ Qf6 36. Qe2 Qf2 37. Qxf2 Bxf2 38. d4 Kg6 39. Nf3 f5 40.
gxf5+ Kxf5 41. Kd3 h5 42. Ke2 Bg3 43. b4 axb4 44. cxb4 Bd6 45. a5 c6 46. a6 Bb8
47. Ne5 1-0

[Event "Senior DM 65+ 2022"]
[Site "Aalborg"]
[Date "2022.02.25"]
[Round "6.11"]
[White "Mortensen, Steen Juul"]
[Black "Jorgensen, Jorgen"]
[Result "0-1"]
[WhiteElo "1888"]
[BlackElo "2167"]
[PlyCount "69"]
[EventDate "2022.02.20"]
[EventType "swiss"]
[EventRounds "7"]
[EventCountry "DEN"]

1. d4 d5 2. Nf3 Nf6 3. c4 e6 4. g3 Nbd7 5. Bg2 c6 6. Qc2 Bd6 7. O-O O-O 8. Nbd2
Re8 9. e4 dxe4 10. Nxe4 Nxe4 11. Qxe4 e5 12. dxe5 Nxe5 13. Qc2 Nxf3+ 14. Bxf3
Qf6 15. Bg2 Bc5 16. Be3 Bxe3 17. fxe3 Qe5 18. Rae1 Be6 19. b3 Rad8 20. Rf2 Rd7
21. Rd2 Red8 22. Rxd7 Rxd7 23. Bf3 h5 24. Kf2 Qf6 25. Kg2 h4 26. gxh4 Qxh4 27.
Qf2 Qd8 28. Re2 Qf6 29. Rd2 Qg5+ 30. Kh1 Re7 31. e4 Bh3 32. Rd8+ Kh7 33. Qd2
Qf6 34. Qd1 g6 35. Qd4 0-1

[Event "Senior DM 65+ 2022"]
[Site "Aalborg"]
[Date "2022.02.25"]
[Round "6.12"]
[White "Christiansen, Jens Jorgen"]
[Black "Pedersen, Borge"]
[Result "1-0"]
[WhiteElo "2080"]
[BlackElo "1881"]
[PlyCount "59"]
[EventDate "2022.02.20"]
[EventType "swiss"]
[EventRounds "7"]
[EventCountry "DEN"]

1. d4 Nf6 2. c4 e6 3. g3 d5 4. Bg2 b6 5. cxd5 exd5 6. Nf3 Bb4+ 7. Bd2 Bxd2+ 8.
Nbxd2 Qd6 9. O-O O-O 10. Rc1 c6 11. Qc2 Bb7 12. Ne5 Nbd7 13. Nxd7 Qxd7 14. b4
Rfe8 15. e3 Qd6 16. Qb3 Rac8 17. Rc2 Rc7 18. Rfc1 a6 19. a4 b5 20. Rc3 Nd7 21.
axb5 axb5 22. Bxd5 Nb6 23. Bg2 Rcc8 24. Ne4 Qb8 25. Nc5 Nc4 26. Qa2 Qc7 27. Qa7
Ba8 28. Qxc7 Rxc7 29. Ra1 Nb6 30. Rca3 1-0

[Event "Senior DM 65+ 2022"]
[Site "Aalborg"]
[Date "2022.02.25"]
[Round "6.13"]
[White "Gronhoj, Benny"]
[Black "Madsen, Svend Aage"]
[Result "1/2-1/2"]
[WhiteElo "1877"]
[BlackElo "1961"]
[PlyCount "91"]
[EventDate "2022.02.20"]
[EventType "swiss"]
[EventRounds "7"]
[EventCountry "DEN"]

1. e4 e5 2. Nf3 Nf6 3. Bc4 Nxe4 4. Nxe5 d5 5. Bb3 c6 6. O-O Bd6 7. d4 O-O 8.
Nd2 Bxe5 9. dxe5 Nc5 10. f4 f6 11. Nf3 Bg4 12. Qd4 Nbd7 13. exf6 Qxf6 14. Qxf6
Nxf6 15. Be3 Nfe4 16. Ne5 Be6 17. c3 Nxb3 18. axb3 c5 19. Nf3 b6 20. Rae1 Rfe8
21. Nd2 Bd7 22. Nxe4 Rxe4 23. Bd2 Rae8 24. Rxe4 Rxe4 25. Kf2 Kf7 26. h3 Bb5 27.
Re1 Rxe1 28. Bxe1 h5 29. g4 Bd7 30. Kg3 hxg4 31. hxg4 g6 32. Kf3 Bc6 33. f5
gxf5 34. gxf5 a5 35. Kf4 c4 36. bxc4 dxc4 37. Bh4 b5 38. Bd8 a4 39. Ba5 Kf6 40.
Bb6 Bd7 41. Bd4+ Kf7 42. Ke5 Ke7 43. f6+ Kf7 44. Kd6 Bf5 45. Kc6 Bc2 46. Kxb5
1/2-1/2

[Event "Senior DM 65+ 2022"]
[Site "Aalborg"]
[Date "2022.02.25"]
[Round "6.14"]
[White "Marshall, Michael O"]
[Black "Johnsen, Oystein"]
[Result "0-1"]
[WhiteElo "1746"]
[BlackElo "1948"]
[PlyCount "68"]
[EventDate "2022.02.20"]
[EventType "swiss"]
[EventRounds "7"]
[EventCountry "DEN"]

1. c4 f5 2. g3 Nf6 3. Nf3 g6 4. Bg2 Bg7 5. Nc3 O-O 6. O-O d6 7. d3 c6 8. Qc2 e5
9. e4 a5 10. Re1 Na6 11. Be3 h6 12. h3 Nh5 13. Ne2 c5 14. Kh2 f4 15. Bd2 g5 16.
gxf4 gxf4 17. a3 Be6 18. Nc3 Nc7 19. Nd5 Nxd5 20. cxd5 Bd7 21. b4 b6 22. bxa5
b5 23. Rab1 Bf6 24. Bc3 Kh8 25. Qe2 Qe8 26. Rg1 Bd8 27. Qd2 Nf6 28. Qb2 Qh5 29.
Nxe5 dxe5 30. Bxe5 Kh7 31. Bxf6 Bxf6 32. Qc2 f3 33. Qd1 Be5+ 34. Kh1 Bxh3 0-1

[Event "Senior DM 65+ 2022"]
[Site "Aalborg"]
[Date "2022.02.25"]
[Round "6.15"]
[White "Fjordside, Arne Dan"]
[Black "Pakmor, Claus"]
[Result "1/2-1/2"]
[WhiteElo "1914"]
[BlackElo "1900"]
[PlyCount "47"]
[EventDate "2022.02.20"]
[EventType "swiss"]
[EventRounds "7"]
[EventCountry "DEN"]

1. d4 d5 2. Bf4 Nf6 3. e3 e6 4. Nf3 Bd6 5. Ne5 O-O 6. Nd2 b6 7. c3 c5 8. Bd3
Bb7 9. O-O Qc7 10. Qf3 Nc6 11. Nxc6 Bxc6 12. Bxd6 Qxd6 13. Qh3 e5 14. dxe5 Qxe5
15. Rfe1 Rad8 16. Rac1 h6 17. Qh4 Rfe8 18. Nf3 Qd6 19. Qf4 Ne4 20. Qxd6 Rxd6
21. Bf1 Red8 22. Ne5 Be8 23. Nf3 Bd7 24. Ne5 1/2-1/2

[Event "Senior DM 65+ 2022"]
[Site "Aalborg"]
[Date "2022.02.25"]
[Round "6.16"]
[White "Nielsen, Christian Volmer"]
[Black "Pedersen, Karsten Nymann"]
[Result "1-0"]
[WhiteElo "1958"]
[BlackElo "2073"]
[PlyCount "47"]
[EventDate "2022.02.20"]
[EventType "swiss"]
[EventRounds "7"]
[EventCountry "DEN"]

1. e4 e5 2. Nf3 Nc6 3. Nc3 Nf6 4. Bb5 Bc5 5. O-O d6 6. d4 exd4 7. Nxd4 Bd7 8.
Bxc6 bxc6 9. Bg5 h6 10. Bh4 g5 11. Bg3 O-O 12. Qd2 a6 13. Rae1 Nh5 14. Nce2 Re8
15. f3 Qf6 16. c3 a5 17. Bf2 a4 18. Be3 Re5 19. g4 Ng7 20. Ng3 Ree8 21. f4 Bxg4
22. fxg5 Qg6 23. Rf6 Qh7 24. Rxh6 1-0

[Event "Senior DM 65+ 2022"]
[Site "Aalborg"]
[Date "2022.02.25"]
[Round "6.17"]
[White "Davidsen, Niels Chr"]
[Black "Andersson, Finn"]
[Result "1-0"]
[WhiteElo "1937"]
[BlackElo "1767"]
[PlyCount "39"]
[EventDate "2022.02.20"]
[EventType "swiss"]
[EventRounds "7"]
[EventCountry "DEN"]

1. f4 c5 2. Nf3 Nc6 3. b3 Nf6 4. Bb2 d5 5. e3 Bg4 6. Bb5 e6 7. O-O Be7 8. Bxc6+
bxc6 9. d3 Bxf3 10. Qxf3 O-O 11. Nd2 Nd7 12. e4 f5 13. Rad1 fxe4 14. dxe4 e5
15. Qg3 Bh4 16. Qg4 Re8 17. exd5 cxd5 18. Nf3 Bf6 19. Rxd5 exf4 20. Rxd7 1-0

[Event "Senior DM 65+ 2022"]
[Site "Aalborg"]
[Date "2022.02.25"]
[Round "6.18"]
[White "Gottschalck, Christian"]
[Black "Nielsen, Mogens"]
[Result "1/2-1/2"]
[WhiteElo "1746"]
[BlackElo "1846"]
[PlyCount "82"]
[EventDate "2022.02.20"]
[EventType "swiss"]
[EventRounds "7"]
[EventCountry "DEN"]

1. c4 c5 2. Nc3 g6 3. g3 Bg7 4. Bg2 Nc6 5. Nf3 e5 6. e3 Nge7 7. O-O O-O 8. d4
cxd4 9. exd4 Nxd4 10. Nxd4 exd4 11. Nd5 Nc6 12. Re1 d6 13. b3 Bf5 14. g4 d3 15.
gxf5 Bxa1 16. Bh6 Bg7 17. Bxg7 Kxg7 18. f6+ Kh8 19. Qxd3 Re8 20. Rd1 Re5 21. f4
Re6 22. Bh3 Re8 23. Kf2 Nb4 24. Nxb4 Qb6+ 25. Kf3 Qxb4 26. Qxd6 Qxd6 27. Rxd6
Rad8 28. c5 h6 29. b4 Kg8 30. b5 Kf8 31. Rd7 Rc8 32. Rd5 Rc7 33. a4 Kg8 34. Bg4
h5 35. Bh3 Kh7 36. Rd7 Rxc5 37. Rxf7+ Kg8 38. Rxb7 Rc3+ 39. Kf2 Rc2+ 40. Kf3
Rc3+ 41. Kf2 Rc2+ 1/2-1/2

[Event "Senior DM 65+ 2022"]
[Site "Aalborg"]
[Date "2022.02.26"]
[Round "7"]
[White "Larsen, Hans Haagen"]
[Black "Nielsen, Peter"]
[Result "1/2-1/2"]
[WhiteElo "1618"]
[BlackElo "1678"]
[PlyCount "107"]
[EventDate "2022.02.20"]
[EventType "swiss"]
[EventRounds "7"]
[EventCountry "DEN"]

1. b4 e5 2. Bb2 Bxb4 3. Bxe5 Nf6 4. Nf3 O-O 5. e3 c5 6. Be2 Nc6 7. Bb2 d5 8.
O-O Bf5 9. c3 Ba5 10. Na3 a6 11. d3 b5 12. Nc2 Rc8 13. a4 b4 14. cxb4 cxb4 15.
Ncd4 Nxd4 16. Nxd4 Bg6 17. Qb3 Qd7 18. Rfc1 Rxc1+ 19. Bxc1 Rc8 20. Bd2 h6 21.
Nc2 Rc7 22. Rb1 Qc8 23. Nxb4 Bxb4 24. Bxb4 Rc1+ 25. Rxc1 Qxc1+ 26. Qd1 Qb2 27.
Bc5 Nd7 28. Bd4 Qa3 29. Qc2 Kh7 30. h3 Qb4 31. Bf3 Qa3 32. Bxd5 Bxd3 33. Be4+
Bxe4 34. Qxe4+ Kg8 35. Qc6 Nb8 36. Qb6 Qc1+ 37. Kh2 Qc8 38. a5 Nd7 39. Qd6 Nf8
40. Kg3 Ne6 41. Bb6 Qb7 42. f3 Kh7 43. Qe5 Kg8 44. h4 Qd7 45. e4 Qd2 46. f4
Qe3+ 47. Kh2 Qe2 48. Bc7 Qe1 49. Kh3 Nxc7 50. Qxc7 Qxe4 51. g3 h5 52. Qc8+ Kh7
53. Kh2 Qe2+ 54. Kh3 1/2-1/2

[Event "Senior DM 65+ 2022"]
[Site "Aalborg"]
[Date "2022.02.26"]
[Round "7"]
[White "Andersson, Finn"]
[Black "Rasmussen, Anders"]
[Result "1-0"]
[WhiteElo "1767"]
[BlackElo "1474"]
[PlyCount "61"]
[EventDate "2022.02.20"]
[EventType "swiss"]
[EventRounds "7"]
[EventCountry "DEN"]

1. e4 e6 2. d4 d5 3. Nc3 c5 4. dxc5 Bxc5 5. exd5 exd5 6. Qxd5 Nd7 7. Bc4 Qf6 8.
Ne4 Qg6 9. Nxc5 Ngf6 10. Qd4 O-O 11. Nxd7 Bxd7 12. Kf1 Bc6 13. Nf3 Rad8 14. Bd3
Qxg2+ 15. Kxg2 Rxd4 16. Re1 Rg4+ 17. Kf1 Bxf3 18. Re3 Bg2+ 19. Ke2 Bc6 20. Rg3
Re8+ 21. Kf1 h6 22. Bd2 Rxg3 23. hxg3 Ng4 24. f4 Nh2+ 25. Kf2 Ng4+ 26. Kg1 h5
27. a4 a6 28. a5 g6 29. Re1 Rxe1+ 30. Bxe1 f6 31. Bxg6 1-0

[Event "Senior DM 65+ 2022"]
[Site "Aalborg"]
[Date "2022.02.26"]
[Round "7"]
[White "Pedersen, Karsten Nymann"]
[Black "Jensen, Bent Kiel"]
[Result "1-0"]
[WhiteElo "2073"]
[BlackElo "1530"]
[PlyCount "65"]
[EventDate "2022.02.20"]
[EventType "swiss"]
[EventRounds "7"]
[EventCountry "DEN"]

1. d4 d5 2. g3 Nf6 3. Bg2 c6 4. Nf3 Bf5 5. O-O Nbd7 6. c4 e6 7. Nc3 Bd6 8. Nd2
O-O 9. f3 e5 10. dxe5 Nxe5 11. cxd5 Bc5+ 12. Kh1 cxd5 13. Nb3 Be7 14. f4 Nc6
15. Nxd5 Nxd5 16. Qxd5 Be6 17. Qb5 Qb6 18. Qxb6 axb6 19. Bd2 Rfd8 20. Bc3 Rd7
21. Rfd1 Rxd1+ 22. Rxd1 Rxa2 23. Nd4 Bg4 24. Nxc6 bxc6 25. Bxc6 Kf8 26. Re1 Bc5
27. Kg2 g6 28. h3 Be6 29. e4 h5 30. f5 Bc4 31. Rd1 gxf5 32. exf5 Ra7 33. f6 1-0

[Event "Senior DM 65+ 2022"]
[Site "Aalborg"]
[Date "2022.02.26"]
[Round "7"]
[White "Harders, Poul Erik"]
[Black "Kristensen, Lars Ostergaard"]
[Result "1-0"]
[WhiteElo "1530"]
[BlackElo "1530"]
[PlyCount "43"]
[EventDate "2022.02.20"]
[EventType "swiss"]
[EventRounds "7"]
[EventCountry "DEN"]

1. d4 Nf6 2. c4 g6 3. Nc3 Bg7 4. e4 d6 5. f3 O-O 6. Be3 Nbd7 7. Nge2 c6 8. Qd2
e5 9. O-O-O Qa5 10. Kb1 b5 11. cxb5 cxb5 12. Nc1 b4 13. N3e2 Nb6 14. Nb3 Qa4
15. Nec1 exd4 16. Nxd4 Nfd7 17. Bb5 Nc4 18. Bxa4 Nxd2+ 19. Rxd2 Nb6 20. Bb5 a5
21. Nc6 Be6 22. Bxb6 1-0

[Event "Senior DM 65+ 2022"]
[Site "Aalborg"]
[Date "2022.02.26"]
[Round "7"]
[White "Bohnstedt, Michael"]
[Black "Rostgaard, Bjarne"]
[Result "0-1"]
[WhiteElo "1415"]
[BlackElo "1454"]
[PlyCount "40"]
[EventDate "2022.02.20"]
[EventType "swiss"]
[EventRounds "7"]
[EventCountry "DEN"]

1. e4 e6 2. d4 d5 3. e5 c5 4. c3 Nc6 5. Nf3 cxd4 6. cxd4 Qb6 7. a3 Nge7 8. Bd3
Bd7 9. Bc2 Rc8 10. O-O g5 11. Nc3 g4 12. Na4 Qc7 13. Nc3 gxf3 14. Qxf3 Nxd4 15.
Qf6 Nxc2 16. Qxh8 Ng6 17. Qg8 Nxa1 18. Bh6 Nc2 19. h4 Qxe5 20. g4 Qh8 0-1

[Event "Senior DM 65+ 2022"]
[Site "Aalborg"]
[Date "2022.02.26"]
[Round "7.6"]
[White "Pilgaard, Johannes"]
[Black "Gottschalck, Christian"]
[Result "0-1"]
[WhiteElo "1722"]
[BlackElo "1746"]
[PlyCount "54"]
[EventDate "2022.02.20"]
[EventType "swiss"]
[EventRounds "7"]
[EventCountry "DEN"]

1. e4 d5 2. exd5 Nf6 3. d4 Nxd5 4. c4 Nf6 5. Nf3 e6 6. Be2 Bb4+ 7. Bd2 Bxd2+ 8.
Qxd2 O-O 9. Nc3 Nc6 10. O-O b6 11. Rad1 Bb7 12. Qf4 a6 13. d5 exd5 14. Nxd5
Nxd5 15. Rxd5 Qe7 16. Re1 Nb4 17. Re5 Qf6 18. Qxf6 gxf6 19. Re7 Rfe8 20. Bd1
Rxe7 21. Rxe7 Rd8 22. Bb3 Bxf3 23. gxf3 c5 24. Rc7 Rd2 25. Rb7 Rxb2 26. Rxb6
Nxa2 27. Bxa2 Rxb6 0-1

[Event "Senior DM 65+ 2022"]
[Site "Aalborg"]
[Date "2022.02.26"]
[Round "7.7"]
[White "Andreasen, Per Naesby"]
[Black "Mikkelsen, Peter Jorgen Dam"]
[Result "1-0"]
[WhiteElo "2219"]
[BlackElo "2148"]
[PlyCount "45"]
[EventDate "2022.02.20"]
[EventType "swiss"]
[EventRounds "7"]
[EventCountry "DEN"]

1. Nf3 d5 2. g3 c6 3. b3 Bg4 4. Bb2 Nd7 5. Bg2 e6 6. d3 h5 7. Nbd2 Ngf6 8. h3
Bf5 9. c4 Qc7 10. Rc1 a6 11. O-O Be7 12. cxd5 exd5 13. e4 dxe4 14. dxe4 Be6 15.
Nd4 O-O-O 16. Nxe6 fxe6 17. Qe2 Nc5 18. e5 Nd5 19. Nc4 Nb4 20. Nd6+ Rxd6 21.
exd6 Bxd6 22. Rfd1 h4 23. Rxc5 1-0

[Event "Senior DM 65+ 2022"]
[Site "Aalborg"]
[Date "2022.02.26"]
[Round "7.8"]
[White "Kolbak, Jens"]
[Black "Christiansen, Jens Jorgen"]
[Result "1/2-1/2"]
[WhiteElo "2163"]
[BlackElo "2080"]
[PlyCount "63"]
[EventDate "2022.02.20"]
[EventType "swiss"]
[EventRounds "7"]
[EventCountry "DEN"]

1. d4 d5 2. c4 e6 3. Nc3 Nf6 4. Bg5 Be7 5. e3 O-O 6. Rc1 Nbd7 7. Bd3 h6 8. Bf4
c5 9. cxd5 exd5 10. Nf3 c4 11. Bb1 a6 12. Ne5 Re8 13. O-O Nf8 14. h3 b5 15. Nc6
Qb6 16. Nxe7+ Rxe7 17. Be5 Bb7 18. Qf3 N8d7 19. Bh2 b4 20. Na4 Qb5 21. b3 Ne4
22. Rfd1 c3 23. Bd3 Qc6 24. Qe2 Qe6 25. Re1 f5 26. Qc2 Rc8 27. f3 Nd6 28. Bxd6
Qxd6 29. Bxf5 Bc6 30. Nc5 Rce8 31. Bg6 Rf8 32. Bh7+ 1/2-1/2

[Event "Senior DM 65+ 2022"]
[Site "Aalborg"]
[Date "2022.02.26"]
[Round "7.9"]
[White "Thuesen, Mogens Henrik"]
[Black "Moestrup, Jorn"]
[Result "1-0"]
[WhiteElo "2145"]
[BlackElo "1948"]
[PlyCount "57"]
[EventDate "2022.02.20"]
[EventType "swiss"]
[EventRounds "7"]
[EventCountry "DEN"]

1. d4 d5 2. c4 c6 3. Nc3 Nf6 4. Nf3 a6 5. c5 g6 6. Bf4 Bg7 7. h3 O-O 8. e3 Re8
9. Be2 Nfd7 10. O-O Nf8 11. b4 Nbd7 12. Bh2 e5 13. Rb1 exd4 14. exd4 Nf6 15.
Bd3 Ne4 16. Qc2 Ng5 17. Nxg5 Qxg5 18. f4 Bxd4+ 19. Kh1 Qf6 20. f5 g5 21. Na4
Be5 22. Nb6 Rb8 23. Rbe1 Bd7 24. Bxe5 Rxe5 25. Rxe5 Qxe5 26. f6 h6 27. Qd1 g4
28. Nxd7 Nxd7 29. Qxg4+ 1-0

[Event "Senior DM 65+ 2022"]
[Site "Aalborg"]
[Date "2022.02.26"]
[Round "7.10"]
[White "Skovgaard, Tom"]
[Black "Jorgensen, Jorgen"]
[Result "1/2-1/2"]
[WhiteElo "1936"]
[BlackElo "2167"]
[PlyCount "22"]
[EventDate "2022.02.20"]
[EventType "swiss"]
[EventRounds "7"]
[EventCountry "DEN"]

1. e4 Nf6 2. e5 Nd5 3. d4 d6 4. c4 Nb6 5. exd6 exd6 6. Nc3 Be7 7. Be3 Nc6 8.
Be2 O-O 9. Nf3 Bg4 10. b3 Re8 11. O-O h6 1/2-1/2

[Event "Senior DM 65+ 2022"]
[Site "Aalborg"]
[Date "2022.02.26"]
[Round "7.11"]
[White "Johnsen, Oystein"]
[Black "Olesen, Poul Erik Norgaard"]
[Result "0-1"]
[WhiteElo "1948"]
[BlackElo "1963"]
[PlyCount "140"]
[EventDate "2022.02.20"]
[EventType "swiss"]
[EventRounds "7"]
[EventCountry "DEN"]

1. d4 Nf6 2. Bf4 c5 3. e3 d6 4. Bd3 Nbd7 5. c3 g6 6. Nf3 Bg7 7. Nbd2 a6 8. a4
b6 9. Qe2 Bb7 10. O-O O-O 11. e4 Nh5 12. Be3 e5 13. dxe5 dxe5 14. g3 Qc7 15.
Rfd1 Nhf6 16. Nh4 Rfe8 17. f3 Nf8 18. Ng2 Ne6 19. Qf2 Qc6 20. Nc4 Nd7 21. Bc2
b5 22. Na5 Qc7 23. Nxb7 Qxb7 24. Rd2 Rac8 25. axb5 axb5 26. Bb3 Bf8 27. Bd5 Qc7
28. Rad1 Nb6 29. f4 Bh6 30. b3 exf4 31. gxf4 Bg7 32. f5 Nf8 33. f6 Bh8 34. Bf4
Qd7 35. Bc4 Qg4 36. Be2 Qe6 37. Rd6 Qxb3 38. Rxb6 Rxe4 39. Rxb5 Qxc3 40. Rb8
Rxb8 41. Bxb8 Bxf6 42. Kh1 Qb2 43. Rf1 Nd7 44. Bd3 Qxf2 45. Rxf2 Ra4 46. Bg3 c4
47. Bf1 c3 48. Bf4 Ra1 49. Ne3 Bd4 50. Kg2 Rb1 51. Bd3 Re1 52. Rf1 Rxe3 53.
Bxe3 Bxe3 54. Re1 Bd2 55. Re8+ Kg7 56. Kf3 Nc5 57. Bc2 Ne6 58. Ke4 Kf6 59. Ra8
g5 60. Ra6 h5 61. h3 h4 62. Kf3 Ke5 63. Kg4 Nd4 64. Ra5+ Kd6 65. Ra6+ Kc5 66.
Ra5+ Kb6 67. Ra2 Nxc2 68. Rxc2 Kc5 69. Rxc3+ Bxc3 70. Kxg5 Kd6 0-1